Languages that Use the Word Ananas for Pineapple - Sudden Death - Statistics

General Stats
  • This quiz has been taken 15 times
  • The average score is 5 of 15
Answers on the Grid
Answers color-coded by a green-red scale on the quiz's grid according to % correct below.
French
Swedish
Polish
Filipino
Uzbek
Luxembourgish
Limburgish
German
Spanish
English
Romanian
Slovak
Welsh
Telugu
Vietnamese
Thai
Sundanese
Turkish
Xhosa
Galician
Marshallese
Italian
Quechua
Catalan
Lao
Icelandic
Occitan
Tsonga
Kalaallisut
Fijian
 
Answer Stats
Answer % Correct
French
67%
German
67%
Icelandic
50%
Luxembourgish
42%
Polish
42%
Slovak
42%
Italian
33%
Romanian
33%
Swedish
33%
Limburgish
25%
Turkish
25%
Occitan
17%
Uzbek
17%
Fijian
8%
Kalaallisut
8%
No matching quizzes found
Score Distribution
Percent of People with Each Score
Percentile by Number Answered
Your Score History
You have not taken this quiz